000 00359nam a2200145Ia 4500
008 230917s9999||||xx |||||||||||||| ||und||
040 _e182039
_aMAIN
041 _aEnglish
082 _a658.4 K837M(11)
245 0 _aWeihrich, HeinzManagement
250 _a11th ed.
260 _aNew Delhi
_bTata McGraw-Hill
_c2005
300 _axxx, 600 p.
942 _cBK
999 _c158391
_d158391